[Event "Pavlodar op"]
[Site "Pavlodar"]
[Date "2013.12.11"]
[Round "3"]
[White "Amanov, Zhanibek"]
[Black "Nikitin, Andrey"]
[Result "1-0"]
[WhiteElo "2362"]
[BlackElo "2462"]
[PlyCount "77"]
[EventDate "2013.12.10"]
[EventType "swiss"]
[EventRounds "10"]
[EventCountry "KAZ"]
[SourceTitle "CBM 158 Extra"]
[Source "ChessBase"]
[SourceDate "2014.02.28"]
[SourceVersion "1"]
[SourceVersionDate "2014.02.28"]
[SourceQuality "1"]

1. c4 e6 2. Nc3 d5 3. d4 Be7 4. cxd5 exd5 5. Bf4 c6 6. Qc2 g6 7. e3 Bf5 8. Qd2 Nd7 9. h3 g5 10. Bh2 Ngf6 11. Bd3 Bg6 12. Nge2 Ne4 13. Qc2 Ndf6 14. f3 Nxc3 15. bxc3 0-0 16. 0-0 c5 17. Bxg6 hxg6 18. e4 cxd4 19. cxd4 Rc8 20. Qd3 Qd7 21. e5 Nh5 22. f4 gxf4 23. Bxf4 Rc6 24. Bh6 Rfc8 25. Qf3 Bf8 26. Bxf8 Rxf8 27. Nf4 Nxf4 28. Qxf4 Kg7 29. Rf3 f5 30. Raf1 Qe7 31. Rg3 Qe6 32. h4 Rh8 33. Rg5 Rc4 34. h5 Rxh5 35. Rxh5 gxh5 36. Rf3 Rc7 37. Rg3+ Kf8 38. Qg5 Re7 39. Qxh5 1-0

[Event "Pavlodar op"]
[Site "Pavlodar"]
[Date "2013.12.10"]
[Round "1"]
[White "Suleymenov, Alisher"]
[Black "Nikitin, Andrey"]
[Result "0-1"]
[WhiteElo "1976"]
[BlackElo "2462"]
[PlyCount "80"]
[EventDate "2013.12.10"]
[EventType "swiss"]
[EventRounds "10"]
[EventCountry "KAZ"]
[SourceTitle "CBM 158 Extra"]
[Source "ChessBase"]
[SourceDate "2014.02.28"]
[SourceVersion "1"]
[SourceVersionDate "2014.02.28"]
[SourceQuality "1"]

1. d4 d5 2. c4 e6 3. Nc3 c6 4. e4 Bb4 5. cxd5 cxd5 6. e5 Ne7 7. Nf3 Nbc6 8. Bd3 Nf5 9. Bxf5 exf5 10. 0-0 0-0 11. Bg5 Qa5 12. Ne2 h6 13. Be3 Be6 14. Nf4 Rfc8 15. Qe2 Be7 16. a3 Qb6 17. b4 Nd8 18. Rfc1 a5 19. b5 g5 20. Nh5 f4 21. Bd2 Bg4 22. Nf6+ Bxf6 23. exf6 Ne6 24. Bc3 Rc4 25. a4 Rac8 26. Bb2 Rxc1+ 27. Rxc1 Rxc1+ 28. Bxc1 Bxf3 29. Qxf3 Qxd4 30. h4 Qa1 31. Qd1 d4 32. hxg5 hxg5 33. Kh2 d3 34. Qd2 b6 35. Bb2 Qb1 36. Bc3 Qc2 37. Qe1 Qe2 38. Qc1 Qxf2 39. Be1 Qc2 40. Qa3 f3 0-1

[Event "RUS-chT2"]
[Site "Sochi"]
[Date "2008.04.05"]
[Round "3"]
[White "Nikitin, Andrey"]
[Black "Gasanov, Eldar"]
[Result "1/2-1/2"]
[WhiteElo "2471"]
[BlackElo "2541"]
[PlyCount "58"]
[EventDate "2008.04.03"]
[EventType "team-tourn"]
[EventRounds "9"]
[EventCountry "RUS"]
[SourceTitle "CBM 123 Extra"]
[Source "ChessBase"]
[SourceDate "2008.05.06"]
[SourceVersion "1"]
[SourceVersionDate "2008.05.06"]
[SourceQuality "1"]

1. d4 Nf6 2. c4 e6 3. Nf3 d5 4. Nc3 c6 5. cxd5 exd5 6. Bg5 Bf5 7. Qb3 b5 8. e3 Be7 9. a4 bxa4 10. Qxa4 0-0 11. Be2 Qb6 12. Ra2 Nbd7 13. 0-0 Bd6 14. Rc1 a5 15. Nh4 Be6 16. Qc2 Ne4 17. Nxe4 dxe4 18. Bc4 Rfe8 19. Bxe6 Rxe6 20. Nf5 Bb4 21. Bf4 Qb5 22. Ng3 g5 23. Bc7 Rc8 24. Be5 Nxe5 25. dxe5 Qxe5 26. Rd1 Rce8 27. Raa1 f5 28. Rd4 c5 29. Rd7 R8e7 1/2-1/2

[Event "Izmailov Memorial op 11th"]
[Site "Tomsk"]
[Date "2007.??.??"]
[Round "?"]
[White "Kalashnikov, Konstantin"]
[Black "Nikitin, Andrey"]
[Result "1/2-1/2"]
[WhiteElo "2384"]
[BlackElo "2469"]
[PlyCount "54"]
[EventDate "2007.06.25"]
[EventType "swiss"]
[EventRounds "9"]
[EventCountry "RUS"]
[SourceTitle "EXT 2008"]
[Source "ChessBase"]
[SourceDate "2007.11.25"]
[SourceVersion "1"]
[SourceVersionDate "2007.11.25"]
[SourceQuality "1"]

1. e4 e6 2. d4 d5 3. Nd2 Nf6 4. e5 Nfd7 5. c3 c5 6. Ndf3 Nc6 7. Bd3 cxd4 8. cxd4 f6 9. exf6 Nxf6 10. Ne2 Bd6 11. 0-0 0-0 12. Nc3 a6 13. Re1 Qc7 14. h3 Bd7 15. Bg5 Rae8 16. Rc1 h6 17. Be3 Re7 18. Bb1 Be8 19. Ne5 g5 20. f4 Rg7 21. f5 exf5 22. Bxf5 Bxe5 23. Be6+ Bf7 24. dxe5 Bxe6 25. exf6 Rxf6 26. Nxd5 Bxd5 27. Qxd5+ Qf7 1/2-1/2

[Event "Izmailov Memorial op 11th"]
[Site "Tomsk"]
[Date "2007.??.??"]
[Round "?"]
[White "Nevostrujev, Vladimir"]
[Black "Nikitin, Andrey"]
[Result "0-1"]
[WhiteElo "2484"]
[BlackElo "2469"]
[PlyCount "116"]
[EventDate "2007.06.25"]
[EventType "swiss"]
[EventRounds "9"]
[EventCountry "RUS"]
[SourceTitle "EXT 2008"]
[Source "ChessBase"]
[SourceDate "2007.11.25"]
[SourceVersion "1"]
[SourceVersionDate "2007.11.25"]
[SourceQuality "1"]

1. e4 e6 2. d4 d5 3. exd5 exd5 4. Nf3 Nf6 5. Bd3 c5 6. dxc5 Bxc5 7. 0-0 0-0 8. h3 Nc6 9. Nc3 Be6 10. Ne2 Qb6 11. c3 Ne4 12. Ned4 Nxd4 13. cxd4 Be7 14. Qb3 Qxb3 15. axb3 a6 16. Be3 Rfc8 17. Rfc1 f6 18. Kf1 Kf7 19. Ke2 g6 20. Nd2 Nd6 21. f3 Bf5 22. Rc3 Bxd3+ 23. Kxd3 Nb5 24. Rcc1 Na7 25. Nf1 Nc6 26. Bd2 Re8 27. Ne3 Rad8 28. Nc2 Bd6 29. Re1 g5 30. Ne3 Bg3 31. Re2 Kg6 32. Be1 Bf4 33. Nc2 Rxe2 34. Kxe2 Bd6 35. Kd3 f5 36. Bd2 f4 37. Re1 Kf6 38. Re2 h5 39. Ne1 a5 40. Bc3 b5 41. Nc2 b4 42. Bd2 Ne7 43. Be1 Rg8 44. Bf2 Nf5 45. Be1 g4 46. hxg4 hxg4 47. Bd2 gxf3 48. gxf3 Rg3 49. Rf2 Nh4 50. Ke2 Kf5 51. Be1 Rh3 52. Bd2 Be7 53. Ne1 Bf6 54. Nc2 Rh1 55. Be1 Ng6 56. Rg2 Bh4 57. Kd2 Bg3 58. Bf2 Nh4 0-1

[Event "Izmailov Memorial op 11th"]
[Site "Tomsk"]
[Date "2007.??.??"]
[Round "?"]
[White "Nikitin, Andrey"]
[Black "Nebolsina, Vera"]
[Result "1/2-1/2"]
[WhiteElo "2469"]
[BlackElo "2324"]
[PlyCount "103"]
[EventDate "2007.06.25"]
[EventType "swiss"]
[EventRounds "9"]
[EventCountry "RUS"]
[SourceTitle "EXT 2008"]
[Source "ChessBase"]
[SourceDate "2007.11.25"]
[SourceVersion "1"]
[SourceVersionDate "2007.11.25"]
[SourceQuality "1"]

1. d4 Nf6 2. c4 g6 3. Nc3 Bg7 4. e4 d6 5. f3 0-0 6. Be3 c5 7. Nge2 Nc6 8. Qd2 a6 9. Rd1 Qa5 10. a3 b5 11. dxc5 bxc4 12. cxd6 Ne5 13. Nf4 exd6 14. Qxd6 Nfd7 15. Qd5 Qxd5 16. Nfxd5 Bb7 17. Be2 Bxd5 18. Nxd5 Rab8 19. Bd4 Rb3 20. 0-0 Rfb8 21. Ne3 Nb6 22. Rd2 Rd8 23. Nd5 Nxd5 24. Bxe5 Bxe5 25. Bxc4 Rxb2 26. Rfd1 Ne3 27. Rxd8+ Kg7 28. Bf1 Bc7 29. R8d2 Nxd1 30. Rxd1 Bb6+ 31. Kh1 Bc5 32. Bxa6 Bxa3 33. g3 h5 34. Rd7 Rc2 35. e5 Rc6 36. Bb7 Re6 37. Rd5 Rb6 38. Bc8 Rc6 39. Bd7 Rc5 40. Rd3 Rc1+ 41. Kg2 Rc2+ 42. Kh3 Bc5 43. Rd1 g5 44. Bb5 Rf2 45. Rf1 Rxf1 46. Bxf1 Be3 47. Bd3 Kf8 48. Bf5 Ke7 49. Kg2 h4 50. Kh3 hxg3 51. hxg3 Bd4 52. f4 1/2-1/2

[Event "Izmailov Memorial op 11th"]
[Site "Tomsk"]
[Date "2007.??.??"]
[Round "1"]
[White "Nikitin, Andrey"]
[Black "Panov, Stanislav"]
[Result "1-0"]
[WhiteElo "2469"]
[BlackElo "2147"]
[PlyCount "73"]
[EventDate "2007.06.25"]
[EventType "swiss"]
[EventRounds "9"]
[EventCountry "RUS"]
[SourceTitle "EXT 2008"]
[Source "ChessBase"]
[SourceDate "2007.11.25"]
[SourceVersion "1"]
[SourceVersionDate "2007.11.25"]
[SourceQuality "1"]

1. d4 d5 2. c4 e6 3. Nf3 Nf6 4. Nc3 c6 5. cxd5 exd5 6. Qc2 Be7 7. Bg5 Nbd7 8. e3 Nh5 9. Bxe7 Qxe7 10. 0-0-0 Nb6 11. Bd3 g6 12. h3 Ng7 13. g4 Be6 14. Kb1 0-0-0 15. Na4 Nxa4 16. Qxa4 Kb8 17. Rc1 Ne8 18. Rc3 Nd6 19. Rhc1 f6 20. Rb3 Ka8 21. Ra3 Nc8 22. Ka1 Bd7 23. Qa5 g5 24. b4 Kb8 25. b5 cxb5 26. Rxc8+ Rxc8 27. Qxa7+ Kc7 28. Rc3+ Bc6 29. Bxb5 Kd6 30. Bd3 Ra8 31. Qb6 Qc7 32. Qb4+ Ke6 33. e4 Qe7 34. Qb3 Rhd8 35. e5 fxe5 36. Nxe5 Qd6 37. Bxh7 1-0

[Event "RUS-chT Clubs sf"]
[Site "Cheliabinsk"]
[Date "2005.01.??"]
[Round "2"]
[White "Nikitin, Andrey"]
[Black "Yashtylov, Anatolij"]
[Result "1/2-1/2"]
[WhiteElo "2453"]
[BlackElo "2414"]
[PlyCount "31"]
[EventDate "2005.01.??"]
[EventType "team-tourn"]
[EventRounds "9"]
[EventCountry "RUS"]
[SourceTitle "EXT 2006"]
[Source "ChessBase"]
[SourceDate "2005.11.24"]
[SourceVersion "1"]
[SourceVersionDate "2005.11.24"]
[SourceQuality "1"]

1. d4 d5 2. c4 e6 3. Nf3 c6 4. Bg5 Be7 5. Bxe7 Qxe7 6. e3 Nf6 7. Nc3 0-0 8. Be2 Nbd7 9. 0-0 dxc4 10. Bxc4 e5 11. Bb3 exd4 12. exd4 Nb6 13. Re1 Qd6 14. Ne5 Nbd5 15. Qf3 Be6 16. Rad1 1/2-1/2

[Event "Alushta Autumn 4th"]
[Site "Alushta"]
[Date "2004.10.??"]
[Round "10"]
[White "Annageldyev, Orazly"]
[Black "Nikitin, Andrey"]
[Result "1-0"]
[WhiteElo "2458"]
[BlackElo "2452"]
[PlyCount "77"]
[EventDate "2004.10.??"]
[EventType "tourn"]
[EventRounds "13"]
[EventCountry "UKR"]
[EventCategory "8"]
[SourceTitle "CBM 102 Extra"]
[Source "ChessBase"]
[SourceDate "2004.11.03"]
[SourceVersion "1"]
[SourceVersionDate "2004.11.03"]
[SourceQuality "1"]

1. e4 e6 2. d4 d5 3. Nc3 Bb4 4. exd5 exd5 5. Bd3 Nf6 6. Nge2 0-0 7. 0-0 Bg4 8. f3 Bh5 9. Bg5 c6 10. Nf4 Bg6 11. Nxg6 hxg6 12. f4 Qb6 13. Bxf6 gxf6 14. Ne2 f5 15. c3 Be7 16. Bxf5 c5 17. Bc2 cxd4 18. cxd4 Nc6 19. f5 Bf6 20. fxg6 Nxd4 21. Kh1 Nxc2 22. Qxc2 Qxb2 23. Qf5 Qxa1 24. Rxa1 Bxa1 25. Nf4 Rae8 26. g3 fxg6 27. Qxg6+ Bg7 28. Ne6 Rf7 29. Kg2 Ree7 30. Qg4 Rf6 31. Nf4 Rff7 32. Nxd5 Re5 33. Qc4 a6 34. h4 b5 35. Qb3 Re2+ 36. Kh3 Rb2 37. Ne7+ Kf8 38. Ng6+ Kg8 39. Qe6 1-0

[Event "Alushta Autumn 4th"]
[Site "Alushta"]
[Date "2004.10.??"]
[Round "6"]
[White "Kuzmin, Gennadi P"]
[Black "Nikitin, Andrey"]
[Result "0-1"]
[WhiteElo "2518"]
[BlackElo "2452"]
[PlyCount "72"]
[EventDate "2004.10.??"]
[EventType "tourn"]
[EventRounds "13"]
[EventCountry "UKR"]
[EventCategory "8"]
[SourceTitle "CBM 102 Extra"]
[Source "ChessBase"]
[SourceDate "2004.11.03"]
[SourceVersion "1"]
[SourceVersionDate "2004.11.03"]
[SourceQuality "1"]

1. e4 e6 2. d4 d5 3. Nc3 Bb4 4. e5 c5 5. a3 Bxc3+ 6. bxc3 Qa5 7. Bd2 Qa4 8. Qg4 g6 9. Nf3 Nc6 10. Qf4 Qxc2 11. Ng5 Qf5 12. Qh4 cxd4 13. cxd4 Nxe5 14. Bb5+ Bd7 15. Bxd7+ Nxd7 16. 0-0 h6 17. Nf3 Ngf6 18. Qg3 Kf8 19. Qc7 b6 20. Rac1 Kg7 21. Qb7 Rhb8 22. Qa6 Ne4 23. Bb4 Qf4 24. a4 g5 25. Rc2 g4 26. Nh4 Qf6 27. Rc7 Qxd4 28. Qe2 Ndf6 29. Ba3 Qd2 30. Qa6 Qg5 31. g3 Qe5 32. Rfc1 Nc5 33. Bxc5 bxc5 34. Qc6 c4 35. Ng2 Ne4 36. Nf4 Ng5 0-1

[Event "Alushta Autumn 4th"]
[Site "Alushta"]
[Date "2004.10.??"]
[Round "3"]
[White "Nikitin, Andrey"]
[Black "Loskutov, Oleg"]
[Result "1/2-1/2"]
[WhiteElo "2452"]
[BlackElo "2450"]
[PlyCount "49"]
[EventDate "2004.10.??"]
[EventType "tourn"]
[EventRounds "13"]
[EventCountry "UKR"]
[EventCategory "8"]
[SourceTitle "CBM 102 Extra"]
[Source "ChessBase"]
[SourceDate "2004.11.03"]
[SourceVersion "1"]
[SourceVersionDate "2004.11.03"]
[SourceQuality "1"]

1. d4 Nf6 2. c4 g6 3. Nc3 Bg7 4. e4 d6 5. Nf3 0-0 6. Be2 e5 7. 0-0 Nc6 8. d5 Ne7 9. a4 Nh5 10. g3 f5 11. exf5 Nxf5 12. Ng5 Nf6 13. Nce4 Nxe4 14. Nxe4 Bh6 15. Bxh6 Nxh6 16. Qd2 Nf5 17. f4 Qe7 18. Rae1 Bd7 19. g4 exf4 20. Qxf4 Nd4 21. Nf6+ Rxf6 22. Qxf6 Nxe2+ 23. Rxe2 Qxe2 24. Qf7+ Kh8 25. Qf6+ 1/2-1/2

[Event "Alushta Autumn 4th"]
[Site "Alushta"]
[Date "2004.10.??"]
[Round "9"]
[White "Nikitin, Andrey"]
[Black "Smirnov, Igor"]
[Result "1/2-1/2"]
[WhiteElo "2452"]
[BlackElo "2446"]
[PlyCount "33"]
[EventDate "2004.10.??"]
[EventType "tourn"]
[EventRounds "13"]
[EventCountry "UKR"]
[EventCategory "8"]
[SourceTitle "CBM 102 Extra"]
[Source "ChessBase"]
[SourceDate "2004.11.03"]
[SourceVersion "1"]
[SourceVersionDate "2004.11.03"]
[SourceQuality "1"]

1. d4 Nf6 2. c4 g6 3. Nc3 d5 4. e3 Bg7 5. Nf3 0-0 6. Be2 c5 7. dxc5 Qa5 8. 0-0 dxc4 9. Bxc4 Qxc5 10. Qd4 Qh5 11. Qe5 Qg4 12. Qf4 Nc6 13. e4 Qxf4 14. Bxf4 Na5 15. Be2 Be6 16. Rac1 Rac8 17. h3 1/2-1/2

[Event "Alushta Autumn 3rd"]
[Site "Alushta"]
[Date "2004.09.13"]
[Round "6"]
[White "Nikitin, Andrey"]
[Black "Paragua, Mark"]
[Result "0-1"]
[WhiteElo "2452"]
[BlackElo "2529"]
[PlyCount "102"]
[EventDate "2004.09.10"]
[EventType "tourn"]
[EventRounds "15"]
[EventCountry "UKR"]
[EventCategory "9"]
[SourceTitle "CBM 102 Extra"]
[Source "ChessBase"]
[SourceDate "2004.11.03"]
[SourceVersion "1"]
[SourceVersionDate "2004.11.03"]
[SourceQuality "1"]

1. d4 Nf6 2. c4 c5 3. dxc5 e6 4. Nf3 Bxc5 5. e3 0-0 6. Be2 b6 7. 0-0 Bb7 8. Nc3 d5 9. cxd5 Nxd5 10. Nxd5 Bxd5 11. Bd2 Nd7 12. Bc3 Nf6 13. Qa4 Ne4 14. Bd4 Bxd4 15. Qxd4 Rc8 16. Rac1 Qe7 17. Qa4 Rc5 18. Rxc5 Qxc5 19. Bd3 Nf6 20. Qd4 Qc6 21. Ne5 Qa8 22. g4 Rd8 23. Qf4 Qb7 24. g5 Nh5 25. Qh4 g6 26. Be2 Qc7 27. Ng4 Qc2 28. Nh6+ Kf8 29. Bxh5 gxh5 30. Qb4+ Ke8 31. Ng8 Qc5 32. Nf6+ Ke7 33. Qh4 Bf3 34. Nxh7 Qf5 35. Nf6 Rc8 36. e4 Qb5 37. Qf4 Qe2 38. Qe3 Qxe3 39. fxe3 Be2 40. Rf2 Rc2 41. Ng8+ Ke8 42. Nh6 Rxb2 43. Rxf7 Bd3 44. g6 Rb1+ 45. Kf2 Rf1+ 46. Kg2 Rxf7 47. gxf7+ Ke7 48. Kg3 b5 49. a3 a5 50. Kf2 b4 51. axb4 a4 0-1

[Event "RUS-Cup01"]
[Site "Tomsk"]
[Date "2003.07.09"]
[Round "6"]
[White "Nikitin, Andrey"]
[Black "Mikhel, Vladislav"]
[Result "0-1"]
[WhiteElo "2483"]
[BlackElo "2303"]
[PlyCount "104"]
[EventDate "2003.07.04"]
[EventType "swiss"]
[EventRounds "9"]
[EventCountry "RUS"]
[SourceTitle "CBM 095 Extra"]
[Source "ChessBase"]
[SourceDate "2003.09.04"]
[SourceVersion "1"]
[SourceVersionDate "2003.09.04"]
[SourceQuality "1"]

1. d4 d5 2. c4 e6 3. Nf3 Nf6 4. Nc3 Be7 5. Bf4 c6 6. e3 0-0 7. h3 Nbd7 8. a3 b6 9. cxd5 exd5 10. Bd3 Re8 11. 0-0 Nf8 12. Ne5 Bb7 13. Qa4 Qc8 14. Rac1 a6 15. Qb3 b5 16. a4 Qe6 17. Ne2 Rec8 18. Rc2 Ne4 19. Rfc1 c5 20. axb5 c4 21. Nxc4 dxc4 22. Bxc4 Rxc4 23. Qxc4 Bd5 24. Qd3 axb5 25. f3 Nd6 26. Be5 Bc4 27. Qd2 f6 28. Bh2 f5 29. Nf4 Qf7 30. Nd3 Ng6 31. Ne5 Qe6 32. Re1 Nxe5 33. Bxe5 Nf7 34. Bf4 g5 35. Bg3 Bb3 36. Rcc1 Ra4 37. Qf2 Bb4 38. Rf1 Bc4 39. Rfd1 Ra8 40. h4 h6 41. hxg5 hxg5 42. d5 Bxd5 43. Rd4 Ba5 44. e4 fxe4 45. fxe4 Bxe4 46. Re1 Bxe1 47. Qxe1 Re8 48. Qe3 Qf5 49. Rd2 Bc6 50. Qb6 Qb1+ 51. Kh2 Re6 52. Qb8+ Kg7 0-1

[Event "RUS-Cup01"]
[Site "Tomsk"]
[Date "2003.07.06"]
[Round "3"]
[White "Osipov, Vladimir"]
[Black "Nikitin, Andrey"]
[Result "0-1"]
[WhiteElo "2289"]
[BlackElo "2483"]
[PlyCount "92"]
[EventDate "2003.07.04"]
[EventType "swiss"]
[EventRounds "9"]
[EventCountry "RUS"]
[SourceTitle "CBM 095 Extra"]
[Source "ChessBase"]
[SourceDate "2003.09.04"]
[SourceVersion "1"]
[SourceVersionDate "2003.09.04"]
[SourceQuality "1"]

1. b3 e5 2. Bb2 Nc6 3. c4 Nf6 4. e3 d5 5. cxd5 Nxd5 6. a3 Be6 7. b4 Bd6 8. d3 Qd7 9. Nf3 f6 10. Nbd2 g5 11. Nc4 g4 12. Nfd2 0-0-0 13. Be2 h5 14. Rc1 Kb8 15. Ne4 a6 16. d4 exd4 17. Ncxd6 cxd6 18. Bxd4 Ne5 19. Qd2 Qh7 20. Nc3 Nxc3 21. Rxc3 Qe4 22. f3 gxf3 23. Bxf3 Qb1+ 24. Bd1 Rhg8 25. Qc2 Qxc2 26. Rxc2 Nd3+ 27. Ke2 Ne5 28. Kf2 Bf5 29. Rc3 Rxg2+ 30. Kxg2 Be4+ 31. Kg3 Rg8+ 32. Kf4 Bxh1 33. Kf5 Rg1 34. Bb3 Bc6 35. h4 Rg4 36. Kxf6 Rxh4 37. Ke6 Nf3 38. Bf6 Rh1 39. a4 Nd2 40. Be7 Ne4 41. Bxd6+ Nxd6 42. Kxd6 h4 43. Bd5 Bxd5 44. Kxd5 h3 45. Rc2 h2 46. Ke4 Rb1 0-1

[Event "Voronezh Master op"]
[Site "Voronezh"]
[Date "2003.06.19"]
[Round "7"]
[White "Gubajdullin, Alexey"]
[Black "Nikitin, Andrey"]
[Result "0-1"]
[WhiteElo "2357"]
[BlackElo "2483"]
[PlyCount "93"]
[EventDate "2003.06.12"]
[EventType "swiss"]
[EventRounds "9"]
[EventCountry "RUS"]
[SourceTitle "CBM 094 Extra"]
[Source "ChessBase"]
[SourceDate "2003.07.09"]
[SourceVersion "2"]
[SourceVersionDate "2003.07.09"]
[SourceQuality "1"]

1. Nf3 d5 2. d4 e6 3. c4 Be7 4. g3 Nf6 5. Bg2 0-0 6. Nbd2 c6 7. 0-0 Nbd7 8. Qc2 b6 9. e4 Ba6 10. b3 Rc8 11. Rd1 c5 12. exd5 exd5 13. Qf5 g6 14. Qh3 cxd4 15. Nxd4 Ne5 16. N2f3 Neg4 17. cxd5 h5 18. Ne1 Nxd5 19. Bb2 Bc5 20. Bf3 Qg5 21. Nec2 Rfd8 22. Bc1 Qf6 23. Bxg4 hxg4 24. Qxg4 Bxd4 25. Nxd4 Nc3 26. Bg5 Rxd4 27. Qxc8+ Bxc8 28. Bxf6 Rxd1+ 29. Rxd1 Nxd1 30. Kf1 Bg4 31. Kg2 b5 32. b4 Be6 33. a3 Bd5+ 34. Kf1 Bf3 35. Ke1 Kf8 36. h3 Ke8 37. Bd4 a6 38. g4 Kd7 39. g5 Ke6 40. Ba1 Kd5 41. Kd2 Kc4 42. Be5 Kb3 43. Bc7 Kxa3 44. Ba5 Kb3 45. Kd3 Bg2 46. h4 Nxf2+ 47. Kd4 0-1

[Event "Voronezh Master op"]
[Site "Voronezh"]
[Date "2003.06.16"]
[Round "4"]
[White "Nikitin, Andrey"]
[Black "Sergienko, Sergey"]
[Result "1-0"]
[WhiteElo "2483"]
[BlackElo "2439"]
[PlyCount "89"]
[EventDate "2003.06.12"]
[EventType "swiss"]
[EventRounds "9"]
[EventCountry "RUS"]
[SourceTitle "CBM 094 Extra"]
[Source "ChessBase"]
[SourceDate "2003.07.09"]
[SourceVersion "2"]
[SourceVersionDate "2003.07.09"]
[SourceQuality "1"]

1. d4 Nf6 2. c4 c5 3. d5 b5 4. cxb5 a6 5. bxa6 g6 6. Nc3 Bxa6 7. g3 Bg7 8. Bg2 d6 9. Nh3 0-0 10. 0-0 Nbd7 11. Qc2 Qc7 12. b3 Rfb8 13. Rb1 Ne5 14. Bd2 Bc8 15. Ng5 Qa7 16. a4 Bd7 17. Nf3 Nfg4 18. h3 Nxf3+ 19. exf3 Nf6 20. g4 Rb6 21. Rfe1 Re8 22. Bf1 Qa8 23. Bc4 Rbb8 24. Qd3 Bc8 25. Nb5 Rb7 26. Re2 Bd7 27. Nc3 h6 28. Rbe1 Kf8 29. f4 Qb8 30. a5 Ra7 31. Na4 Rb7 32. Nb6 Rxb6 33. axb6 Qxb6 34. Bc3 Ng8 35. Ra2 Qb8 36. Rea1 Qc8 37. Ra7 Bxc3 38. Qxc3 Nf6 39. g5 hxg5 40. fxg5 Ng8 41. Kh2 Bf5 42. Bb5 Rd8 43. Bc6 e5 44. Ra8 Qc7 45. R1a7 1-0

[Event "St Petersburg op"]
[Site "St Petersburg"]
[Date "2003.??.??"]
[Round "2"]
[White "Gerasimov, Yuri"]
[Black "Nikitin, Andrey"]
[Result "1/2-1/2"]
[WhiteElo "2155"]
[BlackElo "2278"]
[PlyCount "115"]
[EventDate "2003.??.??"]
[EventType "swiss"]
[EventRounds "9"]
[EventCountry "RUS"]
[SourceTitle "EXT 2005"]
[Source "ChessBase"]
[SourceDate "2004.11.15"]
[SourceVersion "1"]
[SourceVersionDate "2004.11.15"]
[SourceQuality "1"]

1. d4 Nf6 2. c4 g6 3. Nc3 Bg7 4. e4 d6 5. f3 0-0 6. Be3 e5 7. Nge2 c6 8. Qd2 Be6 9. d5 cxd5 10. cxd5 Bd7 11. Nc1 a6 12. a4 Ne8 13. Be2 f5 14. b4 Nf6 15. 0-0 f4 16. Bf2 g5 17. Nb3 h5 18. Na5 g4 19. Nxb7 Qe7 20. Na5 Bh6 21. Nc4 Kh7 22. Qd3 Rg8 23. fxg4 hxg4 24. g3 f3 25. Bd1 Rg5 26. Ra2 Rh5 27. Bb3 Kg6 28. Rc2 Nh7 29. Bb6 Ng5 30. Nd1 f2+ 31. Kh1 Rxh2+ 32. Kxh2 Nf3+ 33. Qxf3 gxf3 34. Rcxf2 Bg4 35. Rh1 Nd7 36. Bc7 Bf4 37. gxf4 Rh8+ 38. Kg1 Rxh1+ 39. Kxh1 Qh4+ 40. Kg1 Bh3 41. f5+ Kh7 42. Rxf3 Qg4+ 43. Kf2 Qg2+ 44. Ke3 Bg4 45. Nd2 Bxf3 46. Nxf3 Nf6 47. Nf2 Ne8 48. Bd8 Qf1 49. Nd3 Qb1 50. Bc4 Qc2 51. Bxa6 Qxa4 52. b5 Kg7 53. Bg5 Nf6 54. Bxf6+ Kxf6 55. Nf2 Qb3+ 56. Ke2 Qc4+ 57. Ke3 Qc3+ 58. Nd3 1/2-1/2

[Event "St Petersburg op"]
[Site "St Petersburg"]
[Date "2003.??.??"]
[Round "5"]
[White "Nikitin, Andrey"]
[Black "Kurilov, Viktor"]
[Result "1-0"]
[WhiteElo "2278"]
[BlackElo "2253"]
[PlyCount "63"]
[EventDate "2003.??.??"]
[EventType "swiss"]
[EventRounds "9"]
[EventCountry "RUS"]
[SourceTitle "EXT 2005"]
[Source "ChessBase"]
[SourceDate "2004.11.15"]
[SourceVersion "1"]
[SourceVersionDate "2004.11.15"]
[SourceQuality "1"]

1. e4 e6 2. d4 d5 3. Nc3 Nf6 4. e5 Nfd7 5. f4 c5 6. Nf3 Nc6 7. Be3 a6 8. Be2 b5 9. 0-0 Qb6 10. f5 cxd4 11. fxe6 fxe6 12. Nxd4 Nxd4 13. Bxd4 Bc5 14. Bxc5 Qxc5+ 15. Kh1 Nxe5 16. Bh5+ g6 17. Qe2 Nc4 18. Nxd5 Qxd5 19. Bf3 Qd2 20. Bc6+ Ke7 21. Qf3 Bb7 22. Qf7+ Kd6 23. Qxb7 Rab8 24. Qd7+ Kc5 25. Bd5 Qxd5 26. Qc7+ Qc6 27. b4+ Kxb4 28. Qxc6 Rb6 29. a3+ Ka4 30. Qc5 a5 31. Rfb1 Rhb8 32. Rb4+ 1-0

[Event "Alushta Autumn 3rd"]
[Site "Alushta"]
[Date "2002.10.06"]
[Round "12"]
[White "Selin, Oleg"]
[Black "Nikitin, Andrey"]
[Result "1/2-1/2"]
[WhiteElo "2432"]
[BlackElo "2471"]
[PlyCount "30"]
[EventDate "2002.09.27"]
[EventType "tourn"]
[EventRounds "13"]
[EventCountry "UKR"]
[EventCategory "8"]
[SourceTitle "CBM 090 Extra"]
[Source "ChessBase"]
[SourceDate "2002.11.07"]
[SourceVersion "1"]
[SourceVersionDate "2002.11.07"]
[SourceQuality "1"]

1. d4 d5 2. c4 e6 3. Nc3 Be7 4. Nf3 Nf6 5. Bg5 h6 6. Bh4 0-0 7. e3 b6 8. Be2 Bb7 9. Bxf6 Bxf6 10. cxd5 exd5 11. b4 c6 12. 0-0 a5 13. bxa5 Rxa5 14. a4 Ba6 15. Bxa6 Rxa6 1/2-1/2